00426nam a2200157Ia 4500003000400000005001700004008004100021040000700062041000800069082001500077100004900092245008600141260002000227300000900247650001200256OSt20251111090811.0250729s2005 xx 000 0 und d cAL akan a930.7 REDE aರೆಡ್ಡಿ ತಿಮ್ಮಾ ಕೆ aಇತಿಹಾಸ ಮತ್ತು ಪೌರನೀತಿ ಬೋಧನೆ aಗದಗc2005 a535p aHistory